| 000 | 00918nam a2200301 a 4500 | ||
|---|---|---|---|
| 003 | AR-BaBNM | ||
| 005 | 20251128205245.0 | ||
| 008 | 082120s2002 ||||||||||||||000 | spa|| | ||
| 020 | _a950-724-555-3 | ||
| 040 | _cAR-BaBNM | ||
| 100 | 1 | _aGarcía, Delia | |
| 245 | 0 | 0 |
_aFracaso escolar y desventajas sociales _bun desafío para la inteligencia : estudio del funcionamiento mental para la orientación escolar |
| 250 | _a1ª ed. | ||
| 260 |
_aBuenos Aires _bLumen _bHumanitas _c1996 |
||
| 300 | _a195 p. | ||
| 500 | _aAnexo p. 173-183 | ||
| 504 | _aBibliografía p. 187-193 | ||
| 650 | 4 | _aDESARROLLO INTELECTUAL | |
| 650 | 4 | _aPRUEBAS DE INTELIGENCIA | |
| 650 | 4 | _aPSICOLOGIA EVOLUTIVA | |
| 650 | 4 | _aRELACION PADRES-HIJOS | |
| 650 | 4 | _aPRUEBAS PSICOLOGICAS | |
| 653 | _aFRACASO ESCOLAR | ||
| 653 | _aPSICOPEDAGOGIA | ||
| 653 | _aPROCESO DE ENSEÑANZA-APRENDIZAJE | ||
| 942 | _cBK | ||
| 998 | _cCarmen | ||
| 999 |
_c10620 _d10620 |
||